Les buteurs de la Suisse au Championnat d'Europe de football 2024 - Statistiques

Statistiques générales
  • Ce quiz a été pris 62 fois
    50 depuis la dernière actualisation
  • Le résultat moyen est 7 sur 8
Statistiques - réponses
Match Minute Buteur % Correct
Écosse - Suisse 1-1 26' Xherdan Shaqiri
98%
Hongrie - Suisse 1-3 90-3' Breel Embolo
95%
Angleterre - Suisse 1-1 (a.p.) (5-3 Tirs au but) 75' Breel Embolo
95%
Suisse-Italie 2-0 46' Ruben Vargas
90%
Suisse-Italie 2-0 37' Remo Freuler
85%
Suisse - Allemagne 1-1 28' Dan Ndoye
83%
Hongrie - Suisse 1-3 12' Kwadwo Duah
65%
Hongrie - Suisse 1-3 45' Michel Aebischer
65%
Aucun quiz correspondant
Distribution des résultats
% des personnes avec chaque résultat
Percentile par nombre de réponses
Votre historique - résultats
Vous n’avez pas pris ce quiz depuis la dernière actualisation